000 00881nam a22002417a 4500
001 44055
003 BD-RjUL
005 20211209053807.0
008 160713s1979 bg ||||| |||| 00| 0 ben d
020 _c: PRs 1.20
035 _a(BD-RjUL)44173
040 _aBD-RjUL
_bben
_cBD-RjUL
041 _aben
082 _223
_a297
_bMOS 1979
100 _aমওদুদী, সাইয়েদ আবুল আ'লা
_9123985
245 1 0 _aশান্তিপথ /
_cসাইয়েদ আবুল আ'লা মওদুদী
260 _aঢাকা :
_bআধুনিক প্রকাশনী,
_c১৯৭৯
300 _a৩০ পৃ. ;
_c১৮ সেমি.
650 _aইসলাম
_9135299
650 _aIslam
_9135300
700 _aরহীম, মুহাম্মাদ আবদুর, অনুবাদ
_9127696
942 _2ddc
_cBK
999 _c44055
_d44055